| 000 | 00967cam a22002291 4500 | ||
|---|---|---|---|
| 001 | gs 31000246 | ||
| 003 | DLC | ||
| 005 | 20260227111336.0 | ||
| 008 | 800409s1931 kyuab b 000 0 eng c | ||
| 010 | _ags 31000246 | ||
| 035 | _a(OCoLC)6184475 | ||
| 040 |
_aU.S. Geol. survey. Library _cTxCM _dDLC |
||
| 042 | _apremarc | ||
| 050 | 0 | 0 |
_aTN880 _b.J45 |
| 100 | 1 |
_aJillson, Willard Rouse, _d1890- |
|
| 245 | 1 | 0 |
_aNatural gas in western Kentucky; _ba summary account of the occurrence of natural gas in the western part of this commonwealth coupled with brief statements as to the production and geology of each separate field, _cby Willard Rouse Jillson. |
| 260 |
_aFrankfort, _bThe Kentucky geological survey, _c1931. |
||
| 300 |
_a7 p. l., 190 p. incl. maps (incl. front.) tables. _c23 cm. |
||
| 410 | 1 | 0 |
_aKentucky. _bGeological survey, 1920- [Ser. 6, _tGeologic reports] _vv. 38 |
| 504 | _a"Selected bibliography": p. 181-186. | ||
| 650 | 0 |
_aNatural gas _zKentucky. |
|
| 999 |
_c26908 _d26908 |
||